Heat Processes In Glass And Silicate Technology / (Record no. 3338)
[ view plain ]
| 000 -LEADER | |
|---|---|
| fixed length control field | 00686nac a22001811u 4500 |
| 082 ## - DEWEY DECIMAL CLASSIFICATION NUMBER | |
| Classification number | 666.105 |
| Item number | B87 |
| 090 ## - LOCALLY ASSIGNED LC-TYPE CALL NUMBER (OCLC); LOCAL CALL NUMBER (OCLC) | |
| -- | 3338 |
| -- | 3338 |
| 100 ## - MAIN ENTRY--PERSONAL NAME | |
| Personal name | Bulavin ,I. |
| 245 ## - TITLE STATEMENT | |
| Title | Heat Processes In Glass And Silicate Technology / |
| Remainder of title | I .Bulavin ...[et.al];Translated from the Russian By V.afanasyev. |
| 260 ## - PUBLICATION, DISTRIBUTION, ETC. (IMPRINT) | |
| Place of publication, distribution, etc | Moscow : |
| Name of publisher, distributor, etc | Mir , |
| Date of publication, distribution, etc | c.1986. |
| 300 ## - PHYSICAL DESCRIPTION | |
| Extent | 272p: |
| Other physical details | ill; |
| Dimensions | 19cm. |
| 500 ## - GENERAL NOTE | |
| General note | Donations. |
| 500 ## - GENERAL NOTE | |
| General note | Donations - Bibliotheca Alexandrina. |
| 650 ## - SUBJECT ADDED ENTRY--TOPICAL TERM | |
| Topical term or geographic name as entry element | Glass manufacture--Patents. |
| 700 ## - ADDED ENTRY--PERSONAL NAME | |
| Personal name | Bulavin ,I. |
| 942 ## - ADDED ENTRY ELEMENTS (KOHA) | |
| Item type | Book - Borrowing |
| Call number prefix | 666.105B87 |
| Withdrawn status | Item status | Source of classification or shelving scheme | Damaged status | Not for loan | Home library | Current library | Shelving location | Date acquired | Source of acquisition | Total Checkouts | Full call number | Barcode | Date last seen | Koha item type |
|---|---|---|---|---|---|---|---|---|---|---|---|---|---|---|
| Dewey Decimal Classification | Central Library | Central Library | First floor | 04/04/2007 | Purchase | 666.105 BUL | 000030493 | 15/07/2025 | Book - Borrowing |